|
|
|
|
| LEADER |
00000nam0a2200000 4500 |
| 001 |
349797 |
| 005 |
20231102010234.0 |
| 035 |
|
|
|a (RuTPU)RU\TPU\retro\2751
|
| 090 |
|
|
|a 349797
|
| 100 |
|
|
|a 20180903d1930 k y0rusy50 ca
|
| 101 |
0 |
|
|a rus
|
| 102 |
|
|
|a RU
|
| 105 |
|
|
|a a z 001zy
|
| 200 |
1 |
|
|a Центробежные пылеотделители - циклоны
|e [отдельный оттиск]
|f П. Смухнин
|
| 210 |
|
|
|a Ленинград
|c [Б. и.]
|d 1930
|
| 215 |
|
|
|a 123-178 с.
|c ил.
|
| 225 |
1 |
|
|a Известия Военно-технической академии РККА
|v Т. П, 1930
|
| 316 |
|
|
|5 63413507: КР-5748
|a На с. 123 владельческая подпись "Бутаков"
|
| 317 |
|
|
|5 63413507: КР-5748
|a Поступила в НТБ в 1970 г. в составе книжного собрания профессора ТПИ И. Н. Бутакова
|
| 320 |
|
|
|a Библиогр.: с. 167
|
| 606 |
1 |
|
|a Циклоны
|x Применение в паровых котлах
|2 stltpush
|3 (RuTPU)RU\TPU\subj\18213
|9 43698
|
| 610 |
1 |
|
|a конструкции
|
| 610 |
1 |
|
|a вращательное движение
|
| 610 |
1 |
|
|a расчет
|
| 610 |
1 |
|
|a проектирование
|
| 610 |
1 |
|
|a применение
|
| 610 |
1 |
|
|a библиотека И. Н. Бутакова
|
| 610 |
1 |
|
|a владельческая надпись
|
| 675 |
|
|
|a 621.186
|v 4
|
| 700 |
|
1 |
|a Смухнин
|b П.
|
| 801 |
|
1 |
|a RU
|b 63413507
|c 20180903
|
| 801 |
|
2 |
|a RU
|b 63413507
|c 20181229
|g RCR
|
| 942 |
|
|
|c BK
|